000
00503nam a2200181Ia 4500
008
090124s9999 xx 000 0 und d
082
_b
34737
100
_a
फडणीस मदन
245
_a
डायबेटिस
250
_a
2
260
_b
अनमोल प्रकाशन
_c
1997
300
_a
164
600
_a
फडणीस मदन
630
_a
डायबेटिस
700
_a
फडणीस मदन
730
_a
डायबेटिस
942
_c
BOOK
999
_c
100674
_d
100674